Medical pharmacology; principles and concepts. (Record no. 42877)
[ view plain ]
| 000 -LEADER | |
|---|---|
| fixed length control field | 00606cam a22002411 4500 |
| 001 - CONTROL NUMBER | |
| control field | 9368848 |
| 005 - DATE AND TIME OF LATEST TRANSACTION | |
| control field | 20180220034446.0 |
| 008 - FIXED-LENGTH DATA ELEMENTS--GENERAL INFORMATION | |
| fixed length control field | 810725s1961 xx a 000 0 eng |
| 010 ## - LIBRARY OF CONGRESS CONTROL NUMBER | |
| LC control number | 61009980 |
| 015 ## - NATIONAL BIBLIOGRAPHY NUMBER | |
| National bibliography number | GB61-14421 |
| 035 ## - SYSTEM CONTROL NUMBER | |
| System control number | (OCoLC)14606607 |
| 040 ## - CATALOGING SOURCE | |
| Original cataloging agency | DLC |
| Transcribing agency | DNLM |
| Modifying agency | OClW-H |
| -- | Uk |
| -- | DLC |
| 041 ## - LANGUAGE CODE | |
| Language code of text/sound track or separate title | eng |
| 042 ## - AUTHENTICATION CODE | |
| Authentication code | premarc |
| 060 0# - NATIONAL LIBRARY OF MEDICINE CALL NUMBER | |
| Classification number | 615.7 |
| Item number | G684m 1961 |
| 080 ## - UNIVERSAL DECIMAL CLASSIFICATION NUMBER | |
| Universal Decimal Classification number | 615.7 |
| 082 ## - DEWEY DECIMAL CLASSIFICATION NUMBER | |
| Classification number | 615.7 GOTH |
| 100 1# - Rafti | |
| Rafti | 5 |
| 101 ## - Shkurtesa | |
| Shkurtesa | SHF |
| 245 10 - TITLE STATEMENT | |
| Title | Medical pharmacology; principles and concepts. |
| Statement of responsibility, etc | Goth, A |
| 906 ## - LOCAL DATA ELEMENT F, LDF (RLIN) | |
| a | 7 |
| b | cbc |
| c | oclcrpl |
| d | u |
| e | ncip |
| f | 19 |
| g | y-gencatlg |
| 942 ## - ADDED ENTRY ELEMENTS (KOHA) | |
| Source of classification or shelving scheme | |
| Item type | Books |
No items available.